Irodalom
Elmentve itt :
| Szerző: | |
|---|---|
| Dokumentumtípus: | Könyv része |
| Megjelent: |
2001
|
| Sorozat: | Négy keréken : közlekedéstörténeti tanulmányok
Négy keréken : közlekedéstörténeti tanulmányok I. |
| Kulcsszavak: | Közlekedés - közúti - Magyarország - története - bibliográfia, Közlekedés története - bibliográfia |
| Tárgyszavak: | |
| Online Access: | http://acta.bibl.u-szeged.hu/67758 |
| LEADER | 00851naa a2200217 i 4500 | ||
|---|---|---|---|
| 001 | acta67758 | ||
| 005 | 20220110123819.0 | ||
| 008 | 200422s2001 hu o 0|| hun d | ||
| 020 | |a 963 008 623 9 | ||
| 040 | |a SZTE Egyetemi Kiadványok Repozitórium |b hun | ||
| 041 | |a hun | ||
| 100 | 1 | |a Engi József | |
| 245 | 1 | 0 | |a Irodalom |h [elektronikus dokumentum] / |c Engi József |
| 260 | |c 2001 | ||
| 300 | |a 253-254 | ||
| 490 | 0 | |a Négy keréken : közlekedéstörténeti tanulmányok | |
| 490 | 0 | |a Négy keréken : közlekedéstörténeti tanulmányok I. | |
| 650 | 4 | |a Bölcsészettudományok | |
| 650 | 4 | |a Történettudomány és régészet | |
| 695 | |a Közlekedés - közúti - Magyarország - története - bibliográfia, Közlekedés története - bibliográfia | ||
| 856 | 4 | 0 | |u http://acta.bibl.u-szeged.hu/67758/1/2001_negy_kereken_253-254.pdf |z Dokumentum-elérés |